Huddersfield Town League Players Since 2014 - Statistics

General Stats
  • This quiz has been taken 16 times
  • The average score is 201 of 326
Answer Stats
% Correct
2019/20 (Championship - 18th) Benin ST 24 Steve Mounie 30 8
100%
2018/19 (Premier League - 20th) Benin ST 23 Steve Mounie 31 2
100%
2017/18 (Premier League - 16th) Benin ST 22 Steve Mounie 28 7
100%
2018/19 (Premier League - 20th) England RB 26 Tommy Smith 15
100%
2017/18 (Premier League - 16th) England RB 25 Tommy Smith 24
100%
2016/17 (Championship - 5th) England RB 24 Tommy Smith 42 4
100%
2015/16 (Championship - 19th) England RB 23 Tommy Smith 36
100%
2014/15 (Championship - 16th) England RB 22 Tommy Smith 41
100%
2019/20 (Championship - 18th) Australia CM 28 Aaron Mooy 1
91%
2018/19 (Premier League - 20th) Australia CM 27 Aaron Mooy 29 3
91%
2017/18 (Premier League - 16th) Australia CM 26 Aaron Mooy 36 4
91%
2016/17 (Championship - 5th) Australia CM 25 Aaron Mooy 45 4
91%
2020/21 (Championship - 20th) France RW 23 Adama Diakhaby 16
91%
2019/20 (Championship - 18th) France RW 22 Adama Diakhaby 18
91%
2018/19 (Premier League - 20th) France RW 21 Adama Diakhaby 12
91%
2020/21 (Championship - 20th) Germany CB 30 Christopher Schindler 12
91%
2019/20 (Championship - 18th) Germany CB 29 Christopher Schindler 45 2
91%
2018/19 (Premier League - 20th) Germany CB 28 Christopher Schindler 37 1
91%
2017/18 (Premier League - 16th) Germany CB 27 Christopher Schindler 37
91%
2016/17 (Championship - 5th) Germany CB 26 Christopher Schindler 44 2
91%
2021/22 (Championship - 3rd) Luxembourg RW 24 Danel Sinani 39 6
91%
2023/24 (Championship - 23rd) England ST 33 Danny Ward 21 3
91%
2022/23 (Championship - 18th) England ST 31 Danny Ward 36 5
91%
2021/22 (Championship - 3rd) England ST 30 Danny Ward 40 14
91%
2020/21 (Championship - 20th) England ST 29 Danny Ward 19 1
91%
2016/17 (Championship - 5th) Wales GK 23 Danny Ward 43
91%
2014/15 (Championship - 16th) England ST 23 Danny Ward 12
91%
2018/19 (Premier League - 20th) United States DM 29 Danny Williams 5
91%
2017/18 (Premier League - 16th) United States DM 28 Danny Williams 20
91%
2022/23 (Championship - 18th) United States AM 27 Duane Holmes 27 2
91%
2021/22 (Championship - 3rd) United States AM 26 Duane Holmes 37 5
91%
2020/21 (Championship - 20th) United States AM 25 Duane Holmes 19 2
91%
2015/16 (Championship - 19th) United States AM 20 Duane Holmes 6 1
91%
2021/22 (Championship - 3rd) England LB 25 Harry Toffolo 42 6
91%
2020/21 (Championship - 20th) England LB 24 Harry Toffolo 31 2
91%
2019/20 (Championship - 18th) England LB 23 Harry Toffolo 19 1
91%
2016/17 (Championship - 5th) England LW 19 Izzy Brown 15 4
91%
2023/24 (Championship - 23rd) England DM 35 Jonathan Hogg 34
91%
2022/23 (Championship - 18th) England DM 33 Jonathan Hogg 30
91%
2021/22 (Championship - 3rd) England DM 32 Jonathan Hogg 31 2
91%
2020/21 (Championship - 20th) England DM 31 Jonathan Hogg 37 1
91%
2019/20 (Championship - 18th) England DM 30 Jonathan Hogg 37
91%
2018/19 (Premier League - 20th) England DM 29 Jonathan Hogg 29
91%
2017/18 (Premier League - 16th) England DM 28 Jonathan Hogg 30
91%
2016/17 (Championship - 5th) England DM 27 Jonathan Hogg 37 1
91%
2015/16 (Championship - 19th) England DM 26 Jonathan Hogg 22
91%
2014/15 (Championship - 16th) England DM 25 Jonathan Hogg 26
91%
2022/23 (Championship - 18th) Scotland ST 32 Jordan Rhodes 34 5
91%
2021/22 (Championship - 3rd) Scotland ST 31 Jordan Rhodes 21 3
91%
2020/21 (Championship - 20th) Curacao CM 22 Juninho Bacuna 43 5
91%
2019/20 (Championship - 18th) Curacao CM 21 Juninho Bacuna 38 6
91%
2018/19 (Premier League - 20th) Curacao CM 20 Juninho Bacuna 21 1
91%
2018/19 (Premier League - 20th) Belgium ST 29 Laurent Depoitre 23
91%
2017/18 (Premier League - 16th) Belgium ST 28 Laurent Depoitre 33 6
91%
2023/24 (Championship - 23rd) England GK 31 Lee Nicholls 37
91%
2022/23 (Championship - 18th) England GK 29 Lee Nicholls 28
91%
2021/22 (Championship - 3rd) England GK 28 Lee Nicholls 43
91%
2023/24 (Championship - 23rd) England CB 30 Matty Pearson 39 3
91%
2022/23 (Championship - 18th) England CB 28 Matty Pearson 18 5
91%
2021/22 (Championship - 3rd) England CB 27 Matty Pearson 37 3
91%
2023/24 (Championship - 23rd) Poland CB 28 Michal Helik 41 9
91%
2022/23 (Championship - 18th) Poland CB 26 Michal Helik 36 2
91%
2023/24 (Championship - 23rd) England RB 31 Ollie Turton 3
91%
2022/23 (Championship - 18th) England RB 29 Ollie Turton 18
91%
2021/22 (Championship - 3rd) England RB 28 Ollie Turton 40
91%
2018/19 (Premier League - 20th) Denmark CM 22 Philip Billing 27 2
91%
2017/18 (Premier League - 16th) Denmark CM 21 Philip Billing 16
91%
2016/17 (Championship - 5th) Denmark CM 20 Philip Billing 24 2
91%
2015/16 (Championship - 19th) Denmark CM 19 Philip Billing 13 1
91%
2023/24 (Championship - 23rd) Wales RW 25 Sorba Thomas 41 4
91%
2022/23 (Championship - 18th) Wales RW 23 Sorba Thomas 23
91%
2021/22 (Championship - 3rd) Wales RW 22 Sorba Thomas 43 3
91%
2020/21 (Championship - 20th) Wales RW 21 Sorba Thomas 7
91%
2023/24 (Championship - 23rd) England CB 33 Tom Lees 31
91%
2022/23 (Championship - 18th) England CB 31 Tom Lees 42 2
91%
2021/22 (Championship - 3rd) England CB 30 Tom Lees 40 3
91%
2015/16 (Championship - 19th) England GK 25 Alex Smithies 1
82%
2014/15 (Championship - 16th) England GK 24 Alex Smithies 44
82%
2023/24 (Championship - 23rd) Serbia ST 24 Bojan Radulovic 11 1
82%
2018/19 (Premier League - 20th) Germany LB 29 Chris Lowe 29
82%
2017/18 (Premier League - 16th) Germany LB 28 Chris Lowe 23
82%
2016/17 (Championship - 5th) Germany LB 27 Chris Lowe 41 2
82%
2023/24 (Championship - 23rd) Wales GK 33 Chris Maxwell 9
82%
2023/24 (Championship - 23rd) Netherlands LW 25 Delano Burgzorg 33 7
82%
2015/16 (Championship - 19th) England CB 30 Elliott Ward 5
82%
2020/21 (Championship - 20th) Belgium RW 24 Isaac Mbenza 36 5
82%
2019/20 (Championship - 18th) Belgium RW 23 Isaac Mbenza 5
82%
2018/19 (Premier League - 20th) Belgium RW 22 Isaac Mbenza 22 1
82%
2023/24 (Championship - 23rd) England CM 22 Jack Rudoni 35 5
82%
2022/23 (Championship - 18th) England CM 21 Jack Rudoni 46 2
82%
2020/21 (Championship - 20th) England LB 21 Jaden Brown 13
82%
2019/20 (Championship - 18th) England LB 20 Jaden Brown 15
82%
2019/20 (Championship - 18th) Denmark GK 30 Jonas Lossl 15
82%
2018/19 (Premier League - 20th) Denmark GK 29 Jonas Lossl 31
82%
2017/18 (Premier League - 16th) Denmark GK 28 Jonas Lossl 38
82%
2023/24 (Championship - 23rd) England LB 30 Josh Ruffels 11
82%
2022/23 (Championship - 18th) England LB 28 Josh Ruffels 33 3
82%
2021/22 (Championship - 3rd) England LB 27 Josh Ruffels 8
82%
2019/20 (Championship - 18th) England ST 21 Karlan Grant 43 19
82%
2018/19 (Premier League - 20th) England ST 20 Karlan Grant 13 4
82%
2017/18 (Premier League - 16th) Jamaica AM 20 Kasey Palmer 4
82%
2016/17 (Championship - 5th) Jamaica AM 19 Kasey Palmer 24 4
82%
2021/22 (Championship - 3rd) England CB 18 Levi Colwill 29 2
82%
2021/22 (Championship - 3rd) England CM 22 Lewis O'Brien 43 3
82%
2020/21 (Championship - 20th) England CM 21 Lewis O'Brien 42 3
82%
2019/20 (Championship - 18th) England CM 20 Lewis O'Brien 38 2
82%
2018/19 (Premier League - 20th) Denmark CB 28 Mathias Jorgensen 24 3
82%
2017/18 (Premier League - 16th) Denmark CB 27 Mathias Jorgensen 38
82%
2017/18 (Premier League - 16th) Germany CB 26 Michael Hefele 2
82%
2016/17 (Championship - 5th) Germany CB 25 Michael Hefele 37 3
82%
2016/17 (Championship - 5th) Bermuda ST 26 Nahki Wells 43 10
82%
2015/16 (Championship - 19th) Bermuda ST 25 Nahki Wells 44 17
82%
2014/15 (Championship - 16th) Bermuda ST 24 Nahki Wells 35 11
82%
2019/20 (Championship - 18th) Netherlands LW 28 Rajiv van La Parra 4
82%
2018/19 (Premier League - 20th) Netherlands LW 27 Rajiv van La Parra 5
82%
2017/18 (Premier League - 16th) Netherlands LW 26 Rajiv van La Parra 33 3
82%
2016/17 (Championship - 5th) Netherlands LW 25 Rajiv van La Parra 40 2
82%
2015/16 (Championship - 19th) Netherlands LW 24 Rajiv van La Parra 8
82%
2021/22 (Championship - 3rd) England GK 21 Ryan Schofield 2
82%
2020/21 (Championship - 20th) England GK 20 Ryan Schofield 30
82%
2019/20 (Championship - 18th) England GK 19 Ryan Schofield 1
82%
2023/24 (Championship - 23rd) Japan CB 27 Yuta Nakayama 23
82%
2022/23 (Championship - 18th) Japan CB 25 Yuta Nakayama 14 2
82%
2020/21 (Championship - 20th) England AM 27 Alex Pritchard 18
73%
2019/20 (Championship - 18th) England AM 26 Alex Pritchard 18
73%
2018/19 (Premier League - 20th) England AM 25 Alex Pritchard 30 2
73%
2017/18 (Premier League - 16th) England AM 24 Alex Pritchard 14 1
73%
2023/24 (Championship - 23rd) Mali CM 20 Brahima Diarra 21
73%
2022/23 (Championship - 18th) Mali CM 18 Brahima Diarra 20
73%
2020/21 (Championship - 20th) Mali CM 16 Brahima Diarra 1
73%
2023/24 (Championship - 23rd) Northern Ireland RB 20 Brodie Spencer 20
73%
2022/23 (Championship - 18th) Northern Ireland RB 18 Brodie Spencer 4
73%
2019/20 (Championship - 18th) Germany ST 28 Collin Quaner 5
73%
2018/19 (Premier League - 20th) Germany ST 27 Collin Quaner 2
73%
2017/18 (Premier League - 16th) Germany ST 26 Collin Quaner 26
73%
2016/17 (Championship - 5th) Germany ST 25 Collin Quaner 16 2
73%
2019/20 (Championship - 18th) DR Congo ST 27 Elias Kachunga 36 3
73%
2018/19 (Premier League - 20th) DR Congo ST 26 Elias Kachunga 20
73%
2017/18 (Premier League - 16th) DR Congo ST 25 Elias Kachunga 19 1
73%
2016/17 (Championship - 5th) DR Congo ST 24 Elias Kachunga 42 12
73%
2019/20 (Championship - 18th) England AM 18 Emile Smith Rowe 19 2
73%
2022/23 (Championship - 18th) France DM 19 Etienne Camara 20
73%
2019/20 (Championship - 18th) Kosovo RB 24 Florent Hadergjonaj 21
73%
2018/19 (Premier League - 20th) Kosovo RB 23 Florent Hadergjonaj 24
73%
2017/18 (Premier League - 16th) Kosovo RB 22 Florent Hadergjonaj 23
73%
2021/22 (Championship - 3rd) England ST 33 Fraizer Campbell 19
73%
2020/21 (Championship - 20th) England ST 32 Fraizer Campbell 40 7
73%
2019/20 (Championship - 18th) England ST 31 Fraizer Campbell 33 3
73%
2023/24 (Championship - 23rd) Australia GK 23 Jacob Chapman 2
73%
2019/20 (Championship - 18th) England GK 23 Joel Coleman 3
73%
2018/19 (Premier League - 20th) England GK 22 Joel Coleman 1
73%
2016/17 (Championship - 5th) England GK 20 Joel Coleman 5
73%
2019/20 (Championship - 18th) Slovenia DM 23 Jon Gorenc Stankovic 19 1
73%
2018/19 (Premier League - 20th) Slovenia DM 22 Jon Gorenc Stankovic 11 1
73%
2016/17 (Championship - 5th) Slovenia DM 20 Jon Gorenc Stankovic 7
73%
2023/24 (Championship - 23rd) England LW 25 Josh Koroma 39 6
73%
2022/23 (Championship - 18th) England LW 23 Josh Koroma 19 4
73%
2021/22 (Championship - 3rd) England LW 22 Josh Koroma 34 4
73%
2020/21 (Championship - 20th) England LW 21 Josh Koroma 20 8
73%
2019/20 (Championship - 18th) England LW 20 Josh Koroma 7
73%
2016/17 (Championship - 5th) England CB 34 Mark Hudson 22
73%
2015/16 (Championship - 19th) England CB 33 Mark Hudson 39 3
73%
2014/15 (Championship - 16th) England CB 32 Mark Hudson 41 2
73%
2021/22 (Championship - 3rd) Spain RB 23 Pipa 11
73%
2020/21 (Championship - 20th) Spain RB 22 Pipa 37 2
73%
2023/24 (Championship - 23rd) England ST 29 Rhys Healey 11 3
73%
2022/23 (Championship - 18th) Scotland CM 21 Scott High 9
73%
2021/22 (Championship - 3rd) Scotland CM 20 Scott High 23
73%
2020/21 (Championship - 20th) Scotland CM 19 Scott High 14
73%
2019/20 (Championship - 18th) Scotland CM 18 Scott High 1
73%
2016/17 (Championship - 5th) Ireland RW 25 Sean Scannell 15
73%
2015/16 (Championship - 19th) Ireland RW 24 Sean Scannell 29 1
73%
2014/15 (Championship - 16th) Ireland RW 23 Sean Scannell 42 4
73%
2019/20 (Championship - 18th) Netherlands CB 25 Terence Kongolo 11
73%
2018/19 (Premier League - 20th) Netherlands CB 24 Terence Kongolo 32 1
73%
2017/18 (Premier League - 16th) Netherlands CB 23 Terence Kongolo 13
73%
2017/18 (Premier League - 16th) England RW 25 Tom Ince 33 2
73%
2018/19 (Premier League - 20th) England CM 32 Jason Puncheon 6
64%
2020/21 (Championship - 20th) Portugal GK 24 Joel Pereira 2
64%
2019/20 (Championship - 18th) Poland GK 20 Kamil Grabara 28
64%
2023/24 (Championship - 23rd) England ST 21 Kian Harratt 15 1
64%
2022/23 (Championship - 18th) England ST 20 Kian Harratt 4 1
64%
2019/20 (Championship - 18th) England ST 17 Kian Harratt 1
64%
2021/22 (Championship - 3rd) Senegal CB 27 Naby Sarr 18 3
64%
2020/21 (Championship - 20th) Senegal CB 26 Naby Sarr 41 4
64%
2018/19 (Premier League - 20th) Egypt LW 21 Ramadan Sobhi 4
64%
2017/18 (Premier League - 16th) England LB 26 Scott Malone 22
64%
2018/19 (Premier League - 20th) Morocco AM 21 Abdelhamid Sabiri 2
55%
2017/18 (Premier League - 16th) Morocco AM 20 Abdelhamid Sabiri 5
55%
2021/22 (Championship - 3rd) Spain DM 29 Alex Vallejo 5 1
55%
2020/21 (Championship - 20th) Spain DM 28 Alex Vallejo 16
55%
2020/21 (Championship - 20th) England GK 32 Ben Hamer 15
55%
2018/19 (Premier League - 20th) England GK 30 Ben Hamer 7
55%
2023/24 (Championship - 23rd) England CM 24 David Kasumu 31 1
55%
2022/23 (Championship - 18th) England CM 22 David Kasumu 33
55%
2017/18 (Premier League - 16th) England CM 35 Dean Whitehead 4
55%
2016/17 (Championship - 5th) England CM 34 Dean Whitehead 16
55%
2015/16 (Championship - 19th) England CM 33 Dean Whitehead 34
55%
2018/19 (Premier League - 20th) Germany RB 26 Erik Durm 28
55%
2015/16 (Championship - 19th) England CM 25 Jacob Butterfield 5 1
55%
2014/15 (Championship - 16th) England CM 24 Jacob Butterfield 45 6
55%
2015/16 (Championship - 19th) Wales CB 27 Joel Lynch 37 2
55%
2014/15 (Championship - 16th) Wales CB 26 Joel Lynch 34 3
55%
2022/23 (Championship - 18th) Jamaica CM 21 Jon Russell 7
55%
2021/22 (Championship - 3rd) Jamaica CM 20 Jon Russell 17 2
55%
2023/24 (Championship - 23rd) Suriname CB 25 Radinio Balker 7
55%
2020/21 (Championship - 20th) Ireland CB 33 Richard Keogh 21
55%
2021/22 (Championship - 3rd) Jamaica LW 25 Rolando Aarons 1
55%
2020/21 (Championship - 20th) Jamaica LW 24 Rolando Aarons 10
55%
2022/23 (Championship - 18th) Czech Republic GK 33 Tomas Vaclik 13
55%
2019/20 (Championship - 18th) England CB 19 Trevoh Chalobah 36 1
55%
2022/23 (Championship - 18th) England RM 21 Aaron Rowe 1
45%
2021/22 (Championship - 3rd) England RM 20 Aaron Rowe 1
45%
2020/21 (Championship - 20th) England RM 19 Aaron Rowe 20 1
45%
2019/20 (Championship - 18th) England RM 18 Aaron Rowe 1
45%
2018/19 (Premier League - 20th) England RM 17 Aaron Rowe 2
45%
2023/24 (Championship - 23rd) England CM 19 Alex Matos 19 1
45%
2023/24 (Championship - 23rd) England CM 25 Ben Wiles 30
45%
2021/22 (Championship - 3rd) Netherlands CM 23 Carel Eiting 5
45%
2020/21 (Championship - 20th) Netherlands CM 22 Carel Eiting 23 3
45%
2019/20 (Championship - 18th) England RB 32 Danny Simpson 24
45%
2016/17 (Championship - 5th) England LW 23 Harry Bunn 16
45%
2015/16 (Championship - 19th) England LW 22 Harry Bunn 42 6
45%
2014/15 (Championship - 16th) England LW 21 Harry Bunn 30 9
45%
2016/17 (Championship - 5th) England AM 21 Jack Payne 23 2
45%
2023/24 (Championship - 23rd) England LB 22 Jaheim Headley 29 1
45%
2022/23 (Championship - 18th) England LB 20 Jaheim Headley 11 1
45%
2015/16 (Championship - 19th) Australia CB 24 Jason Davidson 27 1
45%
2015/16 (Championship - 19th) England GK 22 Jed Steer 38
45%
2017/18 (Premier League - 16th) England RW 24 Joe Lolley 6 1
45%
2016/17 (Championship - 5th) England RW 23 Joe Lolley 19 1
45%
2015/16 (Championship - 19th) England RW 22 Joe Lolley 32 4
45%
2014/15 (Championship - 16th) England RW 21 Joe Lolley 17 2
45%
2022/23 (Championship - 18th) England CB 18 Luke Mbete 6
45%
2017/18 (Premier League - 16th) England CB 30 Martin Cranie 3
45%
2016/17 (Championship - 5th) England CB 29 Martin Cranie 14
45%
2015/16 (Championship - 19th) England CB 28 Martin Cranie 37
45%
2022/23 (Championship - 18th) England RB 33 Matt Lowton 8
45%
2020/21 (Championship - 20th) England AM 19 Matty Daly 5
45%
2019/20 (Championship - 18th) England AM 18 Matty Daly 4 1
45%
2018/19 (Premier League - 20th) England AM 17 Matty Daly 2
45%
2014/15 (Championship - 16th) Scotland LB 27 Paul Dixon 11
45%
2023/24 (Championship - 23rd) England CB 25 Rarmani Edmonds-Green 14
45%
2022/23 (Championship - 18th) England CB 23 Rarmani Edmonds-Green 11
45%
2020/21 (Championship - 20th) England CB 21 Rarmani Edmonds-Green 24 2
45%
2019/20 (Championship - 18th) England CB 20 Rarmani Edmonds-Green 2
45%
2016/17 (Championship - 5th) England LB 20 Tareiq Holmes-Dennis 9
45%
2022/23 (Championship - 18th) England ST 20 Tyreece Simpson 9
45%
2019/20 (Championship - 18th) Wales CM 30 Andy King 14
36%
2015/16 (Championship - 19th) England LB 18 Ben Chilwell 8
36%
2022/23 (Championship - 18th) Equatorial Guinea LW 18 Charles Ondo 2
36%
2020/21 (Championship - 20th) England RB 21 Demeaco Duhaney 13
36%
2019/20 (Championship - 18th) England RB 20 Demeaco Duhaney 6
36%
2018/19 (Premier League - 20th) England RB 19 Demeaco Duhaney 1
36%
2014/15 (Championship - 16th) Uruguay CM 19 Diego Poyet 2
36%
2015/16 (Championship - 19th) Wales DM 21 Emyr Huws 30 5
36%
2015/16 (Championship - 19th) Albania SS 19 Florent Bojaj 8 1
36%
2015/16 (Championship - 19th) England ST 28 Ishmael Miller 18 1
36%
2014/15 (Championship - 16th) England ST 27 Ishmael Miller 16 3
36%
2015/16 (Championship - 19th) Ireland GK 33 Joe Murphy 7
36%
2014/15 (Championship - 16th) Ireland GK 32 Joe Murphy 2
36%
2015/16 (Championship - 19th) Algeria RW 30 Karim Matmour 16 1
36%
2023/24 (Championship - 23rd) England ST 23 Kyle Hudlin 9
36%
2023/24 (Championship - 23rd) Congo CB 21 Loick Ayina 2
36%
2023/24 (Championship - 23rd) Wales ST 20 Patrick Jones 7
36%
2022/23 (Championship - 18th) Wales ST 19 Patrick Jones 6 1
36%
2020/21 (Championship - 20th) Wales ST 17 Patrick Jones 2
36%
2023/24 (Championship - 23rd) England RB 25 Tom Edwards 13
36%
2023/24 (Championship - 23rd) England CM 19 Tom Iorpenda 2
36%
2022/23 (Championship - 18th) France RW 30 Anthony Knockaert 5
27%
2023/24 (Championship - 23rd) England LB 23 Ben Jackson 25 1
27%
2022/23 (Championship - 18th) England LB 21 Ben Jackson 19 1
27%
2020/21 (Championship - 20th) England LB 19 Ben Jackson 1
27%
2014/15 (Championship - 16th) Canada CB 27 David Edgar 12
27%
2022/23 (Championship - 18th) Albania ST 27 Florian Kamberi 1
27%
2015/16 (Championship - 19th) England ST 26 James Vaughan 4
27%
2014/15 (Championship - 16th) England ST 25 James Vaughan 26 7
27%
2022/23 (Championship - 18th) England RW 22 Joseph Hungbo 14 3
27%
2020/21 (Championship - 20th) England ST 20 Kieran Phillips 10
27%
2022/23 (Championship - 18th) England ST 32 Martyn Waghorn 13 1
27%
2015/16 (Championship - 19th) Gambia LW 26 Mustapha Carayol 15 3
27%
2014/15 (Championship - 16th) Northern Ireland CM 23 Oliver Norwood 1
27%
2020/21 (Championship - 20th) England CB 32 Richard Stearman 21
27%
2019/20 (Championship - 18th) England CB 31 Richard Stearman 17
27%
2022/23 (Championship - 18th) England AM 20 Tino Anjorin 8 2
27%
2021/22 (Championship - 3rd) England AM 19 Tino Anjorin 7 1
27%
2020/21 (Championship - 20th) France ST 27 Yaya Sanogo 9
27%
2014/15 (Championship - 16th) Ireland CB 28 Anthony Gerrard 3
18%
2019/20 (Championship - 18th) England LW 21 Chris Willock 14 2
18%
2014/15 (Championship - 16th) England CB 21 Conor Coady 45 3
18%
2015/16 (Championship - 19th) Netherlands ST 21 Elvis Manu 5
18%
2016/17 (Championship - 5th) Croatia DM 25 Ivan Paurevic 1
18%
2014/15 (Championship - 16th) England CB 20 Jack Robinson 30
18%
2015/16 (Championship - 19th) England AM 23 Jamie Paterson 34 6
18%
2023/24 (Championship - 23rd) England CM 22 Josh Austerfield 3
18%
2022/23 (Championship - 18th) England RB 19 Kaine Kesler-Hayden 14 1
18%
2014/15 (Championship - 16th) England RB 27 Lee Peltier 11
18%
2014/15 (Championship - 16th) Northern Ireland ST 27 Martin Paterson 3
18%
2021/22 (Championship - 3rd) Ireland ST 18 Mipo Odubeko 6
18%
2022/23 (Championship - 18th) Australia GK 19 Nicholas Bilokapic 6
18%
2014/15 (Championship - 16th) Poland AM 27 Radoslaw Majewski 8
18%
2020/21 (Championship - 20th) England CB 21 Romoney Crichlow 4
18%
2019/20 (Championship - 18th) England CB 31 Tommy Elphick 14
18%
2022/23 (Championship - 18th) England CB 26 Will Boyle 16
18%
2015/16 (Championship - 19th) England CB 19 Will Boyle 1
18%
2014/15 (Championship - 16th) England CB 18 Will Boyle 1
18%
2015/16 (Championship - 19th) England RW 27 Adam Hammill 1
9%
2014/15 (Championship - 16th) England RW 26 Adam Hammill 5
9%
2022/23 (Championship - 18th) England RW 25 Connor Mahoney 9
9%
2014/15 (Championship - 16th) England ST 33 Grant Holt 15 2
9%
2014/15 (Championship - 16th) England ST 31 Jon Stead 7 1
9%
2014/15 (Championship - 16th) England RB 20 Jordan Sinnott 1
9%
2014/15 (Championship - 16th) England CM 23 Oscar Gobern 12 1
9%
2019/20 (Championship - 18th) England ST 21 Rekeil Pyke 1
9%
2014/15 (Championship - 16th) Ireland LB 22 Jake Carroll 2
0%
2014/15 (Championship - 16th) Wales LW 18 Jake Charles 1
0%
2021/22 (Championship - 3rd) England GK 27 Jamal Blackman 1
0%
2015/16 (Championship - 19th) England LB 21 James Husband 11
0%
2014/15 (Championship - 16th) England CB 18 Joe Wilkinson 1
0%
2015/16 (Championship - 19th) England CM 19 Kyle Dempsey 21 1
0%
2015/16 (Championship - 19th) England GK 21 Lloyd Allinson 1
0%
2014/15 (Championship - 16th) England AM 20 Matt Crooks 1
0%
2019/20 (Championship - 18th) Kenya ST 18 Micah Obiero 1
0%
2015/16 (Championship - 19th) Scotland LB 22 Murray Wallace 2
0%
2014/15 (Championship - 16th) Scotland LB 21 Murray Wallace 26 2
0%
2014/15 (Championship - 16th) England LB 20 Reece James 6 1
0%
No matching quizzes found
Score Distribution
Percent of People with Each Score
Percentile by Number Answered
Your Score History
You have not taken this quiz